| Tag |
First Indicator |
Second Indicator |
Subfields |
| LEADER |
00000cgm a22000003a 4500 |
| 001 |
in00003748713 |
| 006 |
m|||||o||c|||||||| |
| 007 |
cr |na---||a|a |
| 007 |
vz |zazu| |
| 008 |
131118s2008 cau076 g o v|eng d |
| 005 |
20260324201630.1 |
| 035 |
|
|
|a (OCoLC)864830906
|
| 035 |
|
|
|a ASP1832984/spex
|
| 040 |
|
|
|a VaAlASP
|c VaAlASP
|d UtOrBLW
|
| 050 |
|
4 |
|a RC1215
|b .S747 2008
|
| 245 |
0 |
0 |
|a S.T.E.P. (smooth transitions with extensive progressions) /
|c presented by Abbie Appel.
|
| 264 |
|
1 |
|a Monterey, CA :
|b Healthy Learning,
|c 2008.
|
| 300 |
|
|
|a 1 online resource (76 min.).
|
| 306 |
|
|
|a 011537
|
| 336 |
|
|
|a two-dimensional moving image
|b tdi
|2 rdacontent
|
| 337 |
|
|
|a computer
|b c
|2 rdamedia
|
| 337 |
|
|
|a video
|b v
|2 rdamedia
|
| 338 |
|
|
|a online resource
|b cr
|2 rdacarrier
|
| 338 |
|
|
|a other
|b vz
|2 rdacarrier
|
| 490 |
0 |
|
|a Sports medicine and exercise science in video
|
| 500 |
|
|
|a Title from resource description page (viewed Nov. 18, 2013).
|
| 505 |
0 |
|
|a Understanding the basics -- Warm up -- Progression #1 -- Progression #2 -- Progression #3 -- Putting it all together -- Choreography notes.
|
| 520 |
|
|
|a S.T.E.P. (Smooth Transitions With Extensive Progressions) explains how trainers can master the techniques of breaking down intermediate to advanced choreography by applying a few simple tricks. Each combination begins with a traditional step movement and then smoothly transitions to a creative, fun combination by progressively layering in rhythm and direction. The DVD features an innovative step class that can help trainers learn to successfully teach any level of choreography to their classes.
|
| 530 |
|
|
|a Previously released as DVD.
|
| 546 |
|
|
|a This edition in English.
|
| 500 |
|
|
|a Electronic resource.
|
| 650 |
|
0 |
|a Exercise.
|0 http://id.loc.gov/authorities/subjects/sh85046328
|
| 655 |
|
7 |
|a Internet videos.
|2 lcgft
|0 http://id.loc.gov/authorities/genreForms/gf2011026337
|
| 655 |
|
7 |
|a Instructional films.
|2 lcgft
|0 http://id.loc.gov/authorities/genreForms/gf2011026333
|
| 655 |
|
7 |
|a Filmed lectures.
|2 lcgft
|0 http://id.loc.gov/authorities/genreForms/gf2011026270
|
| 700 |
1 |
|
|a Appel, Abbie,
|e speaker.
|
| 776 |
1 |
|
|c Original publisher catalog number
|o 827008735891
|
| 856 |
4 |
0 |
|u http://proxy.library.tamu.edu/login?url=https://www.aspresolver.com/aspresolver.asp?SPEX;1832984
|z Connect to this streaming video (Alexander Street Press)
|t 0
|
| 999 |
f |
f |
|s 4e56b5ed-aa5a-3ed7-84cb-804fad3e7225
|i 48cb5a3c-7bd8-360a-99a1-12c27e9fc839
|t 0
|
| 952 |
f |
f |
|a Texas A&M University
|b College Station
|c Electronic Resources
|s www_evans
|d Available Online
|t 0
|e RC1215 .S747 2008
|h Library of Congress classification
|
| 998 |
f |
f |
|a RC1215 .S747 2008
|t 0
|l Available Online
|